[Event "3[Site "Potsdam"]
[Date "2012.12.27"]
[Round "1.30"]
[White "Mahling, Sebastian"]
[Black "Greber, Andreas"]
[Result "0-1"]
[WhiteElo "1128"]
[BlackElo "1892"]
[PlyCount "68"]
[EventDate "2013.??.??"]

1. e4 e6 2. d4 d5 3. e5 c5 4. c3 Nc6 5. Nf3 Qb6 6. Bd3 Bd7 7. Bc2 Rc8 8. O-O
Nge7 9. dxc5 Qxc5 10. Be3 Qa5 11. b4 Qc7 12. Bf4 Nxb4 13. Bb3 Nbc6 14. Re1 Ng6
15. Bg3 Be7 16. a4 Na5 17. Ba2 O-O 18. Re2 Qb6 19. Qd4 Bc5 20. Qg4 Nb3 21. Bxb3
Qxb3 22. h4 Bb6 23. Kh2 Rc4 24. Qh5 Bd8 25. Rea2 Nf4 26. Bxf4 Rxf4 27. g3 Rf5
28. Qg4 h5 29. Nd4 Qxa2 30. Rxa2 hxg4 31. Nxf5 exf5 32. Nd2 Be6 33. f3 gxf3 34.
Nxf3 Ba5 0-1

[Event "3[Site "Potsdam"]
[Date "2012.12.27"]
[Round "1.31"]
[White "Keitsch, Steve"]
[Black "Müller, Reinhard"]
[Result "1-0"]
[WhiteElo "1892"]
[BlackElo "977"]
[PlyCount "22"]
[EventDate "2013.??.??"]

1. Nf3 {[%emt 0:00:00]} e6 2. d4 d5 3. g3 c5 4. Bg2 Nc6 5. O-O Qb6 6. dxc5 Bxc5
7. Nc3 Qc7 8. Bf4 Bd6 9. Nb5 Kd7 10. Nxc7 Bxf4 11. Nxa8 Be5 1-0

[Event "3[Site "Potsdam"]
[Date "2012.12.27"]
[Round "1.32"]
[White "Reitmaier, Tony"]
[Black "Kather, Yannick"]
[Result "0-1"]
[WhiteElo "965"]
[BlackElo "1887"]
[PlyCount "42"]
[EventDate "2013.??.??"]

1. e4 c5 2. Nf3 Nc6 3. d4 cxd4 4. Nxd4 g6 5. Nc3 Bg7 6. Be3 Nf6 7. Bc4 Qa5 8.
Nb3 Qd8 9. Qd2 Ng4 10. f3 Nxe3 11. Qxe3 a6 12. Qf4 O-O 13. O-O-O b5 14. Bd5 Qb6
15. Rdg1 a5 16. h4 a4 17. Nd2 b4 18. Ne2 e6 19. Bxc6 Qxc6 20. g4 Ba6 21. Ng3
Rfc8 0-1

[Event "3[Site "Potsdam"]
[Date "2012.12.27"]
[Round "1.34"]
[White "Binder, Thomas"]
[Black "Schoebel, Thomas"]
[Result "1-0"]
[WhiteElo "1873"]
[BlackElo "911"]
[PlyCount "115"]
[EventDate "2013.??.??"]

1. e4 e5 2. Nf3 Nf6 3. Nxe5 Nxe4 4. Qe2 d5 5. d3 Qe7 6. dxe4 Qxe5 7. exd5 Qxe2+
8. Bxe2 Bd6 9. Nc3 Bf5 10. O-O O-O 11. Nb5 Re8 12. Be3 a6 13. Nxd6 cxd6 14. c3
Nd7 15. Rfe1 Rac8 16. Rad1 b5 17. Rd4 Nf6 18. a4 Re4 19. axb5 axb5 20. Bxb5
Rxd4 21. Bxd4 Nxd5 22. Ra1 Rb8 23. c4 Nc7 24. Bc6 f6 25. Ra7 Ne6 26. Bd5 h6 27.
Re7 Kf8 28. Bxe6 Kxe7 29. Bxf5 Rb4 30. Bd3 Ra4 31. Kf1 d5 32. b3 Ra2 33. cxd5
Rd2 34. Bc5+ Kf7 35. Bc4 g5 36. Ke1 Ra2 37. d6+ Ke8 38. Bb5+ Kf7 39. d7 Ra8 40.
Bb6 Ke7 41. Bc6 Rg8 42. b4 Kd6 43. b5 Ke7 44. d8=Q+ Rxd8 45. Bxd8+ Kxd8 46. g4
Kc7 47. Ke2 Kd6 48. Ke3 Ke5 49. b6 Kd6 50. b7 Kc7 51. Kd4 Kb8 52. Kc5 Kc7 53.
Kd5 h5 54. gxh5 g4 55. h6 f5 56. h7 g3 57. h8=R gxf2 58. b8=Q# 1-0

[Event "3[Site "Potsdam"]
[Date "2012.12.27"]
[Round "1.35"]
[White "Von Herman, Ulf"]
[Black "Eichstaedt, Mirko"]
[Result "1-0"]
[WhiteElo "2407"]
[BlackElo "1855"]
[PlyCount "79"]
[EventDate "2013.??.??"]

1. c4 {[%emt 0:00:00]} Nf6 2. Nc3 e5 3. Nf3 Nc6 4. g3 g6 5. Bg2 Bg7 6. O-O O-O
7. d3 d6 8. Rb1 a5 9. a3 Nd7 10. b4 axb4 11. axb4 h6 12. e4 Kh7 13. Nd5 Nd4 14.
Nxd4 exd4 15. Bb2 g5 16. b5 c6 17. bxc6 bxc6 18. Nb4 Qc7 19. Bc1 Bb7 20. f4 c5
21. Nd5 Bxd5 22. exd5 f6 23. Qh5 Rab8 24. Ra1 Nb6 25. fxg5 fxg5 26. Bxg5 Rxf1+
27. Rxf1 Rf8 28. Rxf8 Bxf8 29. Bxh6 Bxh6 30. Be4+ Kg8 31. Qxh6 Qe7 32. g4 Nd7
33. g5 Ne5 34. h4 Qd7 35. Qe6+ Kf8 36. Qxd7 Nxd7 37. Kg2 Kg7 38. h5 Ne5 39. h6+
Kf7 40. Kg3 1-0

[Event "3[Site "Potsdam"]
[Date "2012.12.27"]
[Round "1.36"]
[White "Enge, Dominik"]
[Black "Hahn, Thomas"]
[Result "0-1"]
[WhiteElo "903"]
[BlackElo "1871"]
[PlyCount "70"]
[EventDate "2013.??.??"]

1. Nf3 Nf6 2. g3 g6 3. Bg2 Bg7 4. O-O O-O 5. d3 d6 6. Nbd2 Nbd7 7. e4 e5 8. Re1
c6 9. Nf1 Qc7 10. Be3 Ng4 11. Bd2 Qb6 12. Qe2 Qxb2 13. h3 Nh6 14. N1h2 f5 15.
exf5 gxf5 16. Ng5 Nf6 17. Nhf3 Nf7 18. c4 Nxg5 19. Nxg5 h6 20. Nf3 Qb6 21. Rab1
Qc7 22. Bc3 Bd7 23. Qb2 Rab8 24. Re2 c5 25. Rbe1 b5 26. Qa1 b4 27. Bb2 a5 28.
a4 Bc6 29. Kf1 Qb7 30. Re3 Nh5 31. Bh1 f4 32. R3e2 fxg3 33. fxg3 Nxg3+ 34. Kg1
Bxf3 35. Bxf3 Qxf3 0-1

[Event "3[Site "Potsdam"]
[Date "2012.12.27"]
[Round "1.38"]
[White "Petrak, Falk"]
[Black "Lippianowski, Stefan"]
[Result "1-0"]
[WhiteElo "1966"]
[BlackElo "1246"]
[PlyCount "49"]
[EventDate "2013.??.??"]

1. d4 d5 2. c4 e5 3. dxe5 Bb4+ 4. Bd2 Nc6 5. Nf3 h6 6. Bxb4 Nxb4 7. cxd5 Bf5 8.
Qa4+ c6 9. Qxb4 Ne7 10. e4 a5 11. Qd4 Bg4 12. d6 c5 13. Bb5+ Nc6 14. Bxc6+ bxc6
15. Qxc5 O-O 16. Nbd2 f5 17. Qxc6 fxe4 18. Qxe4 Bf5 19. Qd5+ Kh8 20. O-O Qd7
21. Nd4 Qf7 22. Qxf7 Rxf7 23. Nxf5 Rxf5 24. Nc4 Kg8 25. e6 1-0